| 000 | 00542nam a2200181 a 4500 | ||
|---|---|---|---|
| 005 | 20140310183136.0 | ||
| 008 | 020822s19uu xx 00 eng d | ||
| 050 |
_aHG 4026 _b.Sc425 2001 |
||
| 100 | _aScott, David Jr. F. | ||
| 245 |
_aBasic financial management / _cDavid F. Scott Jr. |
||
| 260 |
_aEnglewood Cliffs, N.J. : _bPrentice Hall, _c1999. |
||
| 300 |
_axxii, 872 p. : _bill. ; _c24 cm. |
||
| 521 | _aBSBA | ||
| 650 |
_aBusiness enterprises _xFinance |
||
| 650 |
_aCorporations _xFinance |
||
| 942 |
_cBK _2lcc _kFOR |
||
| 999 |
_c19294 _d19294 |
||